Statistiques concernant Films de Steven Spielberg par image

Cliquez ici pour prendre le quiz!

Statistiques générales

  • Ce quiz a été pris 752 fois
    (391 depuis la dernière actualisation)
  • Le résultat moyen est 9 sur 16

Statistiques - réponses

Réponse% Correct
E.T. l'extra-terrestre
100%
Jurassic Park
96%
Les Dents de la mer
95%
Indiana Jones, Les Aventuriers de l'arche perdue
93%
Il faut sauver le soldat Ryan
79%
Arrête-moi si tu peux
68%
Ready Player One
64%
La Liste de Schindler
63%
Lincoln
53%
Le Bon Gros Géant
38%
La Guerre des mondes
34%
Minority Report
32%
Cheval de guerre
23%
The Fabelmans
23%
Le Pont des Espions
15%
Pentagon Papers
10%

Distribution des résultats

Percentile par nombre de réponses

% des personnes avec chaque résultat

Votre développement - résultats

Vous n’avez pas pris ce quiz depuis la dernière actualisation